Il pensiero di Tommaso D'Aquino e i problemi fondamentali del nostro tempo

Guardado en:
Detalles Bibliográficos
Formato: Libro
Lenguaje:inglés
español
francés
Publicado: Roma Herder 1974
Colección:Studia Universitatis S. Thomae in Urbe, 4
Materias:
Etiquetas: Agregar Etiqueta
Sin Etiquetas, Sea el primero en etiquetar este registro!

MARC

LEADER 00000nam a2200000 a 4500
001 UCZ3896
003 CL-VaPUC
008 951027e19740000IT |||||||||||||||||eng|d
041 0 7 |a eng  |2 CL-VaPUC 
041 0 7 |a spa  |2 CL-VaPUC 
041 0 7 |a fre  |2 CL-VaPUC 
082 0 4 |a 189.4  |b ILP  |2 21 
245 1 3 |a Il pensiero di Tommaso D'Aquino e i problemi fondamentali del nostro tempo 
300 |a 536 p 
942 |c BK 
945 |d 19951027 00:00:00  |a lriquelm 
260 |a Roma  |b Herder  |c 1974 
650 0 |a Tomismo  |9 259214 
650 0 |a Escolasticismo  |9 264998 
650 0 |a Filosofía medieval  |9 256245 
650 0 |a Ética  |9 255099 
650 7 |a HOMBRE  |2 CL-VaPUC  |9 262149 
650 0 |a Antropología   |9 233030 
583 |a last modification  |c 19951027 00:00:00  |k Rodrigo Vera 
490 0 |a Studia Universitatis S. Thomae in Urbe, 4 
999 |c 240341  |d 240339 
952 |0 0  |1 0  |4 0  |6 189_400000000000000_ILP_1974  |7 0  |8 P  |9 252179  |a BIBEDU  |b BIBEDU  |c BIBEDU_PB  |d 2019-11-18  |i 1591568  |o 189.4 ILP 1974  |p 1591568  |r 2024-01-25  |w 2019-11-18  |y BK  |k FIL